[Event "Reykjavik Congress"]
[Site "Reykjavik"]
[Date "2019.01.20"]
[Round "5"]
[White "Ponzi, Tomas"]
[Black "Thorisson, Bjartur"]
[Result "1-0"]
[WhiteElo "1527"]
[BlackElo "1202"]
[PlyCount "53"]
[EventDate "2019.01.06"]
[EventType "swiss"]
[EventRounds "9"]
[EventCountry "ISL"]
[SourceTitle "CBM 188 Extra"]
[Source "ChessBase"]
[SourceDate "2019.02.26"]
[SourceVersion "1"]
[SourceVersionDate "2019.02.26"]
[SourceQuality "1"]

1. e4 c5 2. Nf3 e6 3. d4 cxd4 4. Nxd4 Nc6 5. c4 a6 6. Be3 Qc7 7. a3 Nf6 8. Nc3 Be7 9. Be2 0-0 10. b4 Rb8 11. Rc1 Nxd4 12. Bxd4 b6 13. e5 Ne8 14. 0-0 d6 15. f4 Bb7 16. Na4 Qc6 17. Bf3 Qd7 18. Nxb6 Qc7 19. Na4 Qd7 20. Bxb7 Qxb7 21. exd6 Bxd6 22. Nc5 Qc6 23. Qg4 e5 24. fxe5 Bxc5 25. Bxc5 f6 26. Bxf8 Kxf8 27. Qd4 1-0

[Event "Reykjavik Congress"]
[Site "Reykjavik"]
[Date "2019.01.09"]
[Round "2"]
[White "Helgadottir, Asthildur"]
[Black "Ponzi, Tomas"]
[Result "1-0"]
[WhiteElo "1065"]
[BlackElo "1527"]
[PlyCount "53"]
[EventDate "2019.01.06"]
[EventType "swiss"]
[EventRounds "9"]
[EventCountry "ISL"]
[SourceTitle "CBM 188 Extra"]
[Source "ChessBase"]
[SourceDate "2019.02.26"]
[SourceVersion "1"]
[SourceVersionDate "2019.02.26"]
[SourceQuality "1"]

1. e4 c5 2. Nf3 Nc6 3. Bc4 d6 4. Nc3 Bg4 5. h3 Bxf3 6. Qxf3 Nf6 7. Bb5 Nd7 8. Bc4 Nde5 9. Qe2 a6 10. Bd5 Nd4 11. Qd1 Rb8 12. Ne2 e6 13. Bb3 Qg5 14. 0-0 Ndf3+ 15. Kh1 Nh4 16. g3 Nhf3 17. d4 Qg6 18. dxe5 Qxe4 19. Nc3 Qc6 20. exd6 Ne5+ 21. Kg1 c4 22. d7+ Nxd7 23. Bf4 Rd8 24. Bxc4 Qxc4 25. Qf3 Be7 26. Qxb7 Rb8 27. Bxb8 1-0

[Event "Reykjavik TR U2000 op"]
[Site "Reykjavik"]
[Date "2017.10.11"]
[Round "1"]
[White "Ponzi, Tomas"]
[Black "Mai, Alexander Oliver"]
[Result "0-1"]
[WhiteElo "1480"]
[BlackElo "1875"]
[PlyCount "122"]
[EventDate "2017.10.11"]
[EventType "swiss"]
[EventRounds "7"]
[EventCountry "ISL"]
[SourceTitle "CBM 181 Extra"]
[Source "ChessBase"]
[SourceDate "2017.12.12"]
[SourceVersion "1"]
[SourceVersionDate "2017.12.12"]
[SourceQuality "1"]

1. e4 c5 2. Nf3 e6 3. d4 cxd4 4. Nxd4 Nc6 5. c4 Qc7 6. Nc3 a6 7. a3 Nf6 8. f4 Nxd4 9. Qxd4 Bc5 10. Qd1 d6 11. Qf3 Bd7 12. Be3 0-0 13. Bd3 Qb6 14. Bxc5 Qxc5 15. g4 b5 16. g5 Ne8 17. Qe2 Rb8 18. cxb5 Bxb5 19. Nxb5 axb5 20. Qf2 Qxf2+ 21. Kxf2 g6 22. Rhc1 Ng7 23. Rc6 Rfd8 24. Rd1 d5 25. Ke2 dxe4 26. Bxe4 Rxd1 27. Kxd1 Nh5 28. Bg2 Nxf4 29. Bf1 Nd5 30. Kd2 Rd8 31. Ke1 b4 32. a4 Ne3 33. Ke2 Nxf1 34. Kxf1 Rd2 35. Rc8+ Kg7 36. Rb8 Rxb2 37. h4 b3 38. Ke1 Ra2 39. Rxb3 Rxa4 40. Rh3 Ra2 41. Rf3 Kf8 42. Kf1 Ke7 43. Rf4 e5 44. Rb4 Rd2 45. Rb7+ Ke6 46. Rb6+ Rd6 47. Rb4 Kf5 48. Rb7 Kg4 49. Rxf7 Kxh4 50. Rxh7+ Kxg5 51. Kf2 Kf5 52. Kf3 Rf6 53. Ke3 g5 54. Rh1 Ra6 55. Rf1+ Ke6 56. Rg1 Ra3+ 57. Ke4 Ra4+ 58. Ke3 Kf5 59. Rf1+ Rf4 60. Rb1 g4 61. Rb8 Rf3+ 0-1